MARC details
| 000 -CABECERA |
| campo de control de longitud fija |
01711nam a2200337 a 4500 |
| 001 - NÚMERO DE CONTROL |
| campo de control |
000048619 |
| 003 - IDENTIFICADOR DEL NÚMERO DE CONTROL |
| campo de control |
DO-SdBNP |
| 005 - FECHA Y HORA DE LA ÚLTIMA TRANSACCIÓN |
| campo de control |
20250522113543.0 |
| 007 - CAMPO FIJO DE DESCRIPCIÓN FÍSICA--INFORMACIÓN GENERAL |
| campo de control de longitud fija |
ta |
| 008 - DATOS DE LONGITUD FIJA--INFORMACIÓN GENERAL |
| campo de control de longitud fija |
190403s2018 dr r 000 spa d |
| 020 ## - NÚMERO INTERNACIONAL ESTÁNDAR DEL LIBRO |
| Número Internacional Estándar del Libro |
9789945501308 |
| 040 ## - FUENTE DE LA CATALOGACIÓN |
| Centro catalogador/agencia de origen |
DO-SdBNP |
| Lengua de catalogación |
spa |
| Centro/agencia transcriptor |
BNPHU |
| 082 #4 - NÚMERO DE LA CLASIFICACIÓN DECIMAL DEWEY |
| Número de clasificación |
199.492 |
| Número de documento/Ítem |
S758u |
| Número de edición |
22 |
| 100 1# - ENTRADA PRINCIPAL--NOMBRE DE PERSONA |
| Nombre de persona |
Saint-Amand Vallejo, Elsa |
| 9 (RLIN) |
76073 |
| 245 13 - MENCIÓN DE TÍTULO |
| Título |
La utopía materialista de Spinoza / |
| Mención de responsabilidad, etc. |
Elsa Saint-Amand Vallejo ; prólogo, Francisco José Martínez |
| 260 ## - PUBLICACIÓN, DISTRIBUCIÓN, ETC. |
| Lugar de publicación, distribución, etc. |
Santo Domingo : |
| Nombre del editor, distribuidor, etc. |
Universitaría, UASD, |
| Fecha de publicación, distribución, etc. |
2018. |
| 300 ## - DESCRIPCIÓN FÍSICA |
| Extensión |
380 p. ; |
| Dimensiones |
23 cm. |
| 500 ## - NOTA GENERAL |
| Nota general |
Incluye datos biográficos de la autora en la solapas |
| 504 ## - NOTA DE BIBLIOGRAFÍA, ETC. |
| Nota de bibliografía, etc. |
Bibliografía : p. 365-375 |
| 505 ## - NOTA DE CONTENIDO CON FORMATO |
| Nota de contenido con formato |
Prólogo -- |
| Título |
Introducción -- |
| Información miscelánea |
Capítulo 1. |
| Título |
Baruch de Spinoza y el entrono sociopolítico de su filosofía -- |
| Información miscelánea |
Capitulo 2 . |
| Título |
Armonía y libertad -- |
| Información miscelánea |
Capitulo 3. |
| Título |
Metafísica y política en la utopía de Spinoza -- |
| Información miscelánea |
Capitulo 4. |
| Título |
Hacia la eliminación de los prejuicios -- |
| Información miscelánea |
Capitulo 5. |
| Título |
La conquista de la libertad -- |
| Información miscelánea |
Capitulo 6. |
| Título |
Los problemas de la función utópica -- |
| Información miscelánea |
Capitulo 7. |
| Título |
Realidad y utopía en Spinoza -- |
| Información miscelánea |
Capitulo 8. |
| Título |
A manera de conclusión -- |
| -- |
Bibliografía -- |
| -- |
Nomenclatura : Abreviaturas. Siglas. Símbolos alfanuméricos. |
| 590 ## - NOTA LOCAL (RLIN) |
| Nota local |
Inventariado, 2019 / DG |
| 600 14 - PUNTO DE ACCESO ADICIONAL DE MATERIA--NOMBRE DE PERSONA |
| Nombre de persona |
Spinoza, Benedictus de, |
| Fechas asociadas al nombre |
1632-1677 |
| Subdivisión general |
Critica e interpretación |
| 9 (RLIN) |
81664 |
| 650 #4 - PUNTO DE ACCESO ADICIONAL DE MATERIA--TÉRMINO DE MATERIA |
| Término de materia o nombre geográfico como elemento de entrada |
Materialismo |
| 9 (RLIN) |
45622 |
| 650 #0 - PUNTO DE ACCESO ADICIONAL DE MATERIA--TÉRMINO DE MATERIA |
| Término de materia o nombre geográfico como elemento de entrada |
Antologías |
| 9 (RLIN) |
8656 |
| 650 #4 - PUNTO DE ACCESO ADICIONAL DE MATERIA--TÉRMINO DE MATERIA |
| Término de materia o nombre geográfico como elemento de entrada |
Utopía |
| 9 (RLIN) |
81666 |
| 650 #4 - PUNTO DE ACCESO ADICIONAL DE MATERIA--TÉRMINO DE MATERIA |
| Término de materia o nombre geográfico como elemento de entrada |
Filosofía holandesa |
| 9 (RLIN) |
81665 |
| 700 1# - PUNTO DE ACCESO ADICIONAL--NOMBRE DE PERSONA |
| Nombre de persona |
Martínez, Francisco José, |
| Término indicativo de función/relación |
prólogo |
| 9 (RLIN) |
81687 |
| 710 2# - PUNTO DE ACCESO ADICIONAL--NOMBRE DE ENTIDAD CORPORATIVA |
| Nombre de entidad corporativa o nombre de jurisdicción como elemento de entrada |
Universidad Autónoma de Santo Domingo |
| 910 ## - DATOS DE OPCIÓN DEL USUARIO (OCLC) |
| Datos de opción del usuario |
DG/Validado. Control de calidad MFF |
| 942 ## - ELEMENTOS DE PUNTO DE ACCESO ADICIONAL (KOHA) |
| Fuente del sistema de clasificación o colocación |
Dewey Decimal Classification |
| Tipo de ítem Koha |
Libro |